[Event "Trophee Roza Lallemand Online"]
[Site "Tornelo INT"]
[Date "2020.12.13"]
[Round "2"]
[White "Gaude, Dominique"]
[Black "Rozec, Mialy"]
[Result "0-1"]
[WhiteElo "1294"]
[BlackElo "1733"]
[PlyCount "68"]
[EventDate "2020.12.13"]
[EventType "swiss (rapid)"]
[EventRounds "9"]
[EventCountry "USA"]
[SourceTitle "EXT 2022"]
[Source "ChessBase"]
[SourceDate "2021.10.06"]
[SourceVersion "1"]
[SourceVersionDate "2021.10.06"]
[SourceQuality "1"]

1. c4 e6 2. Nc3 Nf6 3. g3 d5 4. cxd5 exd5 5. Bg2 d4 6. Ne4 Nbd7 7. d3 c5 8. Bg5 Be7 9. Nh3 0-0 10. 0-0 Nxe4 11. Bxe7 Qxe7 12. dxe4 Nf6 13. f3 b6 14. Nf4 Bb7 15. Qd3 Rfd8 16. a4 Rac8 17. Rac1 Nd7 18. Qa3 Ne5 19. Nd3 Ng6 20. b3 a6 21. Rc4 Bc6 22. Rfc1 Bd7 23. Nf2 Be6 24. R4c2 Rc7 25. Rd2 Rdc8 26. f4 Bd7 27. f5 Ne5 28. Nd3 b5 29. axb5 axb5 30. Nxe5 Qxe5 31. Bh3 c4 32. Bg2 c3 33. Rd3 Bc6 34. Qb4 Rd7 0-1

[Event "Trophee Roza Lallemand Online"]
[Site "Tornelo INT"]
[Date "2020.12.13"]
[Round "9"]
[White "Rozec, Mialy"]
[Black "Girondin, Eveline"]
[Result "1-0"]
[WhiteElo "1733"]
[BlackElo "1348"]
[PlyCount "69"]
[EventDate "2020.12.13"]
[EventType "swiss (rapid)"]
[EventRounds "9"]
[EventCountry "USA"]
[SourceTitle "EXT 2022"]
[Source "ChessBase"]
[SourceDate "2021.10.06"]
[SourceVersion "1"]
[SourceVersionDate "2021.10.06"]
[SourceQuality "1"]

1. d4 d5 2. c4 dxc4 3. Nf3 h6 4. Nc3 e6 5. e4 Bb4 6. Bxc4 Bxc3+ 7. bxc3 Nf6 8. Qc2 0-0 9. 0-0 a6 10. a4 Nbd7 11. Ba2 b6 12. Bb1 Nh7 13. h3 Bb7 14. Nh2 Ndf6 15. f3 Rc8 16. e5 Ne4 17. fxe4 Ng5 18. Qe2 g6 19. h4 Nh7 20. Bxh6 Re8 21. h5 g5 22. Qf3 f5 23. exf6 Qd7 24. f7+ Kh8 25. fxe8Q+ Rxe8 26. Ng4 Qd6 27. Ne5 Qe7 28. Ng6+ Kg8 29. Nxe7+ Rxe7 30. Ba2 a5 31. Bxe6+ Kh8 32. Bf5 Rf7 33. Qg3 Rf6 34. Qxc7 Bxe4 35. Qg7# 1-0

[Event "Trophee Roza Lallemand Online"]
[Site "Tornelo INT"]
[Date "2020.12.13"]
[Round "7"]
[White "Rozec, Mialy"]
[Black "Wittenberg, Serena"]
[Result "0-1"]
[WhiteElo "1733"]
[BlackElo "1447"]
[PlyCount "86"]
[EventDate "2020.12.13"]
[EventType "swiss (rapid)"]
[EventRounds "9"]
[EventCountry "USA"]
[SourceTitle "EXT 2022"]
[Source "ChessBase"]
[SourceDate "2021.10.06"]
[SourceVersion "1"]
[SourceVersionDate "2021.10.06"]
[SourceQuality "1"]

1. d4 Nf6 2. Nf3 e6 3. c4 Bb4+ 4. Bd2 Qe7 5. a3 Bxd2+ 6. Qxd2 0-0 7. Nc3 d5 8. cxd5 exd5 9. e3 c6 10. Bd3 Bg4 11. Ne5 Nbd7 12. Nxg4 Nxg4 13. Qc2 h6 14. h3 Ngf6 15. 0-0-0 a5 16. g4 b5 17. Rdg1 b4 18. axb4 axb4 19. Nb1 Rfc8 20. Kd2 Ne4+ 21. Ke2 Ndf6 22. f3 Nd6 23. g5 hxg5 24. Rxg5 Re8 25. Qd2 Rab8 26. Rhg1 g6 27. b3 Nb5 28. Kf2 Qd6 29. R1g2 Re7 30. Kg1 Rbe8 31. Re2 Nh5 32. Kg2 Qc7 33. Bxb5 cxb5 34. Qd3 Nf4+ 35. exf4 Rxe2+ 36. Kg3 R2e3 37. Qxb5 Qc1 38. Re5 Qg1+ 39. Kh4 Qf2+ 40. Kg4 Qxf3+ 41. Kg5 R8xe5+ 42. dxe5 Qh5+ 43. Kf6 Qh4# 0-1

[Event "Trophee Roza Lallemand Online"]
[Site "Tornelo INT"]
[Date "2020.12.13"]
[Round "4"]
[White "Schildknecht, Laetitia"]
[Black "Rozec, Mialy"]
[Result "0-1"]
[WhiteElo "1406"]
[BlackElo "1733"]
[PlyCount "102"]
[EventDate "2020.12.13"]
[EventType "swiss (rapid)"]
[EventRounds "9"]
[EventCountry "USA"]
[SourceTitle "EXT 2022"]
[Source "ChessBase"]
[SourceDate "2021.10.06"]
[SourceVersion "1"]
[SourceVersionDate "2021.10.06"]
[SourceQuality "1"]

1. e4 e5 2. Nf3 d6 3. d4 exd4 4. c3 dxc3 5. Nxc3 Be7 6. Bc4 Nf6 7. 0-0 0-0 8. Bf4 a6 9. e5 dxe5 10. Bxe5 b5 11. Bb3 Bb7 12. Qxd8 Rxd8 13. Bxc7 Rd7 14. Bxb8 Rxb8 15. Ne5 Rc7 16. Bxf7+ Kh8 17. Bb3 Bb4 18. Rac1 Rc5 19. Nf7+ Kg8 20. Nd6+ Kf8 21. a3 Rxc3 22. Rxc3 Bxd6 23. Rd1 Re8 24. Rcd3 Bc5 25. Rc3 Bb6 26. h3 Ne4 27. Rf3+ Nf6 28. Bd5 Bxd5 29. Rxd5 Re2 30. Rdd3 Rxb2 31. g4 Ke7 32. Rd1 h6 33. Re1+ Kf7 34. h4 Kg6 35. Re6 Bc5 36. Rxa6 Ra2 37. Kg2 Kh7 38. g5 hxg5 39. hxg5 Ne4 40. Rh3+ Kg8 41. g6 Rxf2+ 42. Kh1 Rf8 43. Ra5 Nf2+ 44. Kg2 Nxh3 45. Kxh3 Rb8 46. Ra6 Kf8 47. Kg4 Ke7 48. Kf5 Rf8+ 49. Ke5 Rf6 50. Rxf6 gxf6+ 51. Kf5 Bd4 0-1

[Event "Sautron op 18th"]
[Site "Sautron "]
[Date "2018.10.20"]
[Round "1.3"]
[White "Enchev, Ivajlo"]
[Black "Rozec, Mialy"]
[Result "1-0"]
[WhiteElo "2491"]
[BlackElo "1616"]
[PlyCount "30"]
[EventDate "2018.10.20"]
[EventType "swiss"]
[EventRounds "9"]
[EventCountry "FRA"]
[SourceTitle "EXT 2021"]
[Source "ChessBase"]
[SourceDate "2020.10.23"]
[SourceVersion "1"]
[SourceVersionDate "2020.10.23"]
[SourceQuality "1"]

1. Nf3 d5 2. d4 Nf6 3. c4 dxc4 4. e3 a6 5. a4 e6 6. Bxc4 c5 7. 0-0 Nc6 8. Qe2 cxd4 9. Rd1 Be7 10. exd4 Nb4 11. Ne5 0-0 12. Ra3 Qc7 13. Rg3 Rd8 14. Bh6 g6 15. h4 Bf8 1-0

[Event "Sautron op 18th"]
[Site "Sautron "]
[Date "2018.10.20"]
[Round "7.29"]
[White "Vaillant, Stephane"]
[Black "Rozec, Mialy"]
[Result "1-0"]
[WhiteElo "1852"]
[BlackElo "1616"]
[PlyCount "32"]
[EventDate "2018.10.20"]
[EventType "swiss"]
[EventRounds "9"]
[EventCountry "FRA"]
[SourceTitle "EXT 2021"]
[Source "ChessBase"]
[SourceDate "2020.10.23"]
[SourceVersion "1"]
[SourceVersionDate "2020.10.23"]
[SourceQuality "1"]

1. d4 d5 2. Nf3 Nf6 3. c4 dxc4 4. e3 a6 5. Bxc4 b5 6. Bd3 Bb7 7. a4 b4 8. Nbd2 Nbd7 9. Nb3 a5 10. Qe2 e6 11. 0-0 Be7 12. e4 0-0 13. Qc2 h6 14. h3 Re8 15. Be3 Bf8 16. Rfe1 c6 1-0